000 00714nam a2200241Ia 4500
003 OSt
005 20220923225239.0
006 a|||||r|||| 00| 0
007 ta
008 220922b |||||||| |||| 00| 0 hin d
024 _a261,262
037 _cTextual
040 _aARTS
_cARTS
_bhin
041 _2hin
_ahin
082 _aO152:g, K8
100 _aजैन, नेमिचन्द्र
245 0 _aबदलते परिप्रेक्ष्य
246 _aBadalate pariprekṣhya
260 _c1968
650 _aहिन्दी साहित्य
_9156264
942 _hO152:g, K8
_cTEXL
_2CC
999 _c377003
_d377003